000 00318nam a2200133Ia 4500
005 20251222141905.0
008 251222s9999||||xx |||||||||||||| ||spa||
020 _a84-7050-190-9
082 _a291.22/A88
100 _aAubert, Jean-Marie
245 0 _aCompendio de la Moral Católica
264 _bEdicef
942 _cLIB
999 _c8203
_d8203